00871cam a2200253 a 450000100100000000500170001000800410002702000140006804000230008204100380010508200180014310000250016124000410018624500780022724600850030526000410039030000210043149000180045253400490047065000260051965000300054570000230057583000190059800000364220200929150520.0731130s1979 sp 000 f spa  z842700493 aDO-SdBNPcDLCdDLC17aSpahEng2Código de idioma MARC a813.54bK641m1 aKlein, Norma,d1938-10aGive me one good reason.lEspañol.13aUn marido :b¿para qué? /cNorman klein ; traducción de Jordi Fibla.10aUn marido ¿para qué?: una joven quiere ser madre sin renunciar a ser soltera. aBarcelona :bMartínez Roca,c1979. a226 p. ;c20 cm.1 aNueva Fontana aTítulo original:tGive me one good reason. 4aNovela estadounidense 4aLiteratura estadounidense1 aFibla, Jordi,etr. 0aNueva Fontana.